| 000 | 01182 a2200301 4500 | ||
|---|---|---|---|
| 999 |
_c10843 _d10843 |
||
| 020 | _a0226468380 (alk. paper) | ||
| 020 | _a0226468399 (pbk. : alk. paper) | ||
| 050 | 0 | 0 |
_aHV640.4. _bLAN 1999 |
| 100 | 1 | _aLancaster, Carol. | |
| 245 | 1 | 0 |
_aAid to Africa : _bso much to do, so little done / _cCarol Lancaster. |
| 264 |
_aChicago: _bUniversity of Chicago Press, _c1999 |
||
| 300 |
_axiv, 303 p. : _bill. ; |
||
| 336 |
_1text _at _brdacontent |
||
| 337 |
_1unmediated _anm _bradamedia |
||
| 338 |
_1volume _an _brdacarrier |
||
| 500 | _a"A Century Foundation book." | ||
| 504 | _aIncludes bibliographical references (p. 273-289) and index. | ||
| 650 | 0 |
_aInternational relief _xEvaluation. |
|
| 650 | 0 | _aEconomic policy | |
| 650 | 0 |
_aEconomic conditions _x1960 |
|
| 650 | 0 |
_aEconomic assistance _xEvaluation. |
|
| 651 | 0 | _aAfrica | |
| 651 | 0 | _aAfrica | |
| 856 | 4 | 2 |
_3Publisher description _uhttp://www.loc.gov/catdir/description/uchi052/98033667.html |
| 856 | 4 | 1 |
_3Table of contents _uhttp://www.loc.gov/catdir/toc/uchi052/98033667.html |
| 942 |
_2lcc _cBK _h640.4 _iLAN _kHV |
||